|
|
|
|
| LEADER |
00000nam a2200000 a 4500 |
| 001 |
vtls010113256 |
| 003 |
SK-MaSNL |
| 005 |
20260301030923.0 |
| 008 |
240314 000 0 eng |
| 040 |
|
|
|a SNK
|b slo
|c SNK
|e AACR2
|
| 100 |
1 |
|
|a Hilmar, František Matěj
|4 aut
|9 325541
|
| 245 |
1 |
0 |
|a Výběr skladeb
|b harmonikový repertoir 44
|h hudobnina
|c František Matěj Hilmar
|
| 250 |
|
|
|a 1. vyd.
|
| 260 |
|
|
|a Praha
|b Státní nakladatelství krásné literatury, hudby a umění
|c 1957
|e Praha
|f Orbis
|
| 300 |
|
|
|a 34 s.
|
| 999 |
|
|
|c 575521
|d 577451
|
| 952 |
|
|
|a SNK
|b SNK
|y VYP
|7 0
|p 17A0662485
|o snkHB 2767 D1
|i snkHIP 79/58
|3 rekatalogizácia
|0 0
|1 0
|4 0
|d 2010-07-08
|l 0
|r 2026-02-23 14:30:59
|w 2026-02-23
|